1858 1169 1897 1667 1270 1856 1178 1161 1821 1507 1021 1067 1897 1569 1870 1250 1775 1829 1143 1123 1717 1021 1831 1639 1668 1078 1812 1828 1191 1820 1135 1787 1490 1582 1111 1046 1685 1724 1251 1167 1507 1609 1392 1026 1835 1644 1917 1881 1046 1039 1167 1987 1155 1368 1071 1326 1781 1898 1373 1757 1771 1177 1831 1094 1520 1035 1220 1540 1732 1782 1443 1382 1043 1398 1204 1624 1555 1662 1859 1263 1890 1066 1320 1486 1515 1856 1376 1182 1518 1837 1735 1696 1261 1675 1114 1499 1236 1114 1172 BCNSPRNW ULIB Ver.6.0+V

เปลี่ยนเป็นภาษาไทย

Change to English
 แสดงรายละเอียดบรรณานุกรม
  กลับหน้าหลัก

Brief Record : Get Marc (ISO 2709) : E-mail record : QR code < ปิดหน้าต่าง
LEADER : 00000nam 2200000uu 4500
001    13399109648
003     ULIB
008    110407s2552||||th 000 0 tha d
020    9789740203896
060 04 WB760.1^bม596ส 2552
100 0  มัญชรัตน์ ฉายอรุณ
245 10 สปาเครื่องเทศและผลไม้ /^cมัญชรัตน์ ฉายอรุณ
250    พิมพ์ครั้งที่ 1
260    กรุงเทพฯ :^bมติชน,^c2552
300    239 หน้า :^bภาพประกอบ
650  7 สปา
650  7 การบำบัดด้วยกลิ่น
650  7 สมุนไพรสปา
945    ^p180^l0^i027668
995    ทศพร
999 ^a ใช้งานได้ทุกระบบ
รายการนี้ยังไม่มีแท็ก
คุณยังไม่ได้ล็อกอิน คุณสามารถมีกิจกรรมร่วมกับเว็บไซต์ได้ แต่ต้องล็อกอินก่อน ::
  ล็อกอิน

รายการสื่อสารสนเทศ

ลำดับที่ ประเภท เลขเรียก/บาร์โค้ด สถานที่ สถานะ
- ไม่พบข้อมูล -

รายการใกล้เคียง
    หัวเรื่อง [สปา]
    หัวเรื่อง [การบำบัดด้วยกลิ่น]

BibComment


ยังไม่เคยถูกคอมเมนท์

คอมเมนท์ทรัพยากรรายการนี้
  คอมเมนท์: สปาเครื่องเทศและผ..


 Copyright 2026. Bcnsprnw @Library